000 00419 a2200169 4500
003 Nust
005 20170207153502.0
040 _cNust
082 _a954
100 _aTuker, Francis
245 _aWhile memory Serves
_cSir Francis Tuker
260 _aSYDENY
_bcASSEW
300 _a662:P
505 _aBook 1: 1946 (Page-9-203) Book .2: (Page-207-525)
538 _aAlmirah No.62 Shelf No.5
650 _amEMORY sERVICES
942 _2ddc
_cBK
999 _c187363
_d187363